La Única Comunidad Autónoma Española Restante... - Estadísticas

Estadísticas generales
  • Esta prueba ha sido intentada 45 veces
  • La puntuación promedio es 16 de 17
Respuestas en el mapa
Las respuestas están codificadas por una escala verde-roja en el mapa de la prueba según el % correcto abajo.
 
Estadísticas de respuestas
La Única Comunidad Autónoma Española... Respuesta % Correcto
...que tiene un desierto Andalucía
100%
...que ostenta oficialmente el título de "Principado" Asturias
100%
...que tiene una superficie superior a 90 000 km² Castilla y León
100%
...que está formada exclusivamente por islas Islas Baleares
100%
...que no forma parte del continente europeo Islas Canarias
100%
...que desemboca en el océano Atlántico Cantabria
97%
...que tiene un PIB per cápita superior a 40 000 euros Madrid
97%
...que está completamente más al oeste que Dublín Galicia
95%
...que tiene el euskera como lengua oficial Navarra
95%
...que tiene al menos una ciudad con 1M de habitantes o más Comunidad Valenciana
92%
...que, antes de 2016, prohibía las corridas de toros Cataluña
89%
...que tiene una sola provincia La Rioja
89%
...que tiene una capital con el mismo nombre Murcia
89%
...que lleva "Castilla" en el nombre Castilla–La Mancha
87%
...que tiene un IDH superior a 0,930 País Vasco
87%
...que limita con Francia Aragón
82%
...restante Extremadura
76%
No se encontraron pruebas coincidentes
Distribución de puntuación
Porcentaje de gente con cada puntuación
Porcentaje por número respondido
Historial de tus puntuaciones
No has intentado esta prueba.